Darujte zákazníkom radosť

V období hospodárskej krízy ľudia svoje nákupy viac plánujú. Vracajú sa k tradičným hodnotám a prirodzenosti. Oblasti šetrenia za posledný polrok. Zmeny preferencií maloobchodných sietí. Dôležitosť internetu.

Saved in:
Bibliographic Details
Main Author: Košťál, Daniel
Format: Book Chapter
Language:Slovak
Subjects:
Tags: Add Tag
No Tags, Be the first to tag this record!

MARC

LEADER 00000naa$a2200000$$$4500
001 0092810
005 20231128093911.6
041 0 |a slo 
044 |a SK 
245 1 0 |a Darujte zákazníkom radosť  |c Daniel Košťál 
520 |a V období hospodárskej krízy ľudia svoje nákupy viac plánujú. Vracajú sa k tradičným hodnotám a prirodzenosti. Oblasti šetrenia za posledný polrok. Zmeny preferencií maloobchodných sietí. Dôležitosť internetu. 
610 2 0 |a kríza hospodárska 
610 2 0 |a nákup 
610 2 0 |a plánovanie 
610 2 0 |a siete maloobchodné 
610 2 0 |a preferencie 
610 2 0 |a preferencie spotrebiteľské 
100 1 |a Košťál, Daniel